| 000 | 00410nam a2200181Ia 4500 | ||
|---|---|---|---|
| 005 | 20250423095906.0 | ||
| 008 | 250422s9999 xx 000 0 und d | ||
| 020 | _a0- 500- 20326- 1 | ||
| 050 | _aN 7350 .S7/ | ||
| 100 | _aStanley-Baker, Joan | ||
| 245 | 0 | _aJapanese art | |
| 260 | _aNew York | ||
| 260 | _bThames and Hudson | ||
| 260 | _c2000 | ||
| 300 | _a223 p | ||
| 650 | _aFine art | ||
| 942 | _cBK | ||
| 999 |
_c31649 _d31649 |
||